| 000 | 00406 a2200121 4500 | ||
|---|---|---|---|
| 001 | ART_10680 | ||
| 005 | 20260410161831.0 | ||
| 008 | 260409a | ||
| 245 | 1 | 0 | _aEl complejo oleajinoso argentino frente al proteccionismo mundial en los ´90 |
| 100 | 1 | _aSonnet, Fernando H. | |
| 700 | 1 | _aLamfre, Laura S. | |
| 773 | 0 |
_tActualidad Económica _g- Año XII, Nº 53 (ago./dic. 2002) _wREV5083 |
|
| 999 |
_c23199 _d23199 |
||